000
00339nam a2200145Ia 4500
008
230718s9999 xx 000 0 und d
041
_a
Eng.
082
_a
343.07
_b
AND-P
100
_a
Anderson, Ronald. A
245
0
_a
Principles and cases
260
_a
Pakistan
_b
South Western
_c
1997
300
_a
1080
650
_a
Law
999
_c
29649
_d
29649